A first course in Functional Analysis
Αποθηκεύτηκε σε:
| Κύριος συγγραφέας: | |
|---|---|
| Μορφή: | Βιβλίο |
| Γλώσσα: | English |
| Δημοσίευση: |
New York :
Gordon & Breach,
c1966
|
| Σειρά: | Notes on mathematics and its applications
|
| Θέματα: | |
| Ετικέτες: |
Προσθήκη ετικέτας
Δεν υπάρχουν, Καταχωρήστε ετικέτα πρώτοι!
|
MARC
| LEADER | 00000nam a2200000 i 4500 | ||
|---|---|---|---|
| 001 | 1/36112 | ||
| 008 | 941103s1966 eng d | ||
| 035 | |a 1994 |c ΧΑΤΖΗΣΑΒΒΑΣ |l 10040153 | ||
| 040 | |a GR-MY-UA |b gre |e aacr | ||
| 041 | 0 | |a eng | |
| 082 | 0 | |a 515.7 | |
| 100 | 1 | |a Davis, Martin |d 1928- | |
| 245 | 1 | 2 | |a A first course in Functional Analysis / |c Martin Davis |
| 260 | |a New York : |b Gordon & Breach, |c c1966 | ||
| 300 | |a 110 p.; |c 21 cm. | ||
| 490 | 1 | |a Notes on mathematics and its applications | |
| 500 | |a Includes index | ||
| 650 | 0 | 0 | |a Functional analysis. |
| 830 | 0 | |a Notes on mathematics and its applications | |
| 852 | |a INST |b SAMOS |e 19941103 |h 515.7 DAV |p 005300003325 |q 005300003325 |t BK |y 0 | ||
| 909 | |a Σ |b 034535 | ||